| 000 | 02711nam a22004577a 4500 | ||
|---|---|---|---|
| 001 | 42835 | ||
| 003 | gtgccic | ||
| 005 | 20250805115738.0 | ||
| 007 | ta | ||
| 008 | 250805b gw ||||| |||| 00| 0 spa d | ||
| 040 |
_agtgccic _bspa _cgtgccic _dgtgccic _erda |
||
| 082 | _a691.3 R626 | ||
| 082 | _a691.3 R626 c.2 | ||
| 100 | 1 |
_aSepp Rixner _eAutor |
|
| 100 | 1 |
_aIngeniero Hans Schinelbeck _eAutor |
|
| 100 | 1 |
_aIngeniero Dirk R. Weissig _eAutor |
|
| 245 |
_aFundamentos sobre la compactación del hormigón / _cRixner, Sepp |
||
| 250 |
_a2da. _boriginal: Grundlagen der Betonverdichtung |
||
| 264 |
_aMunich, Alemania : _bWacker-Werke GmbH ; _c2001. |
||
| 300 |
_a219 p. : _bil. ; _c21 cm |
||
| 336 |
_2rdacontenido _atexto _btxt |
||
| 337 |
_2rdamedio _asin mediación _bn |
||
| 338 |
_2rdasoporte _avolumen _bnc |
||
| 505 | _tEL CEMENTO Y SUS COMPONENTES | ||
| 505 | _tEL MATERIAL DE CONSTRUCCIÓN HORMIGÓN Y SUS COMPONENTES | ||
| 505 | _tEL MATERIAL DE CONSTRUCCIÓN HORMIGÓN Y SUS PROPIEDADES | ||
| 505 | _tEL MATERIAL DE CONSTRUCCIÓN HORMIGÓN Y SU CONTROL | ||
| 505 | _tCOMPACTACIÓN DEL HORMIGÓN FRESCO Y TRATAMIENTOS ESPECIALES | ||
| 505 | _tEQUIPOS PARA LA COMPACTACIÓN DEL HORMIGÓN FRESCO | ||
| 505 | _tDISEÑO Y MODO DE FUNCIONAMIENTO DE LOS VIBRADORES INTERNOS | ||
| 505 | _tCONSEJOS PRÁCTICOS PARA APLICACIONES DE VIBRADORES INTERNOS | ||
| 505 | _tPRINCIPIOS TÉCNICOS DE LOS VIBRADORES EXTERNOS | ||
| 505 | _tUTILIZACIÓN DE VIBRADORES EXTERNOS PARA LA COMPACTACIÓN DE HORMIGÓN FRESCO | ||
| 505 | _tAPLICACIONES CON VIBRADORES EXTERNOS EN ENCOFRADOS PARA HORMIGONADO IN SITU | ||
| 505 | _tEN TORNO A CONVERTIDORES DE FRECUENCIA Y TENSIÓN | ||
| 520 | _aEl Panteón en Roma con su cúpula de hormigón liviano sea el exponente más impresionante. Por ello no es de extrañar que el nombre cemento provenga de los romanos, ya que las mamposterías de piedra de cantera con el aglomerante cal viva era llamado ¨Opus Caementitium¨. En círculos profesionales se está de acuerdo que el llamado hormigón romano representa el comienzo de una nueva era en la historia de la arquitectura, siendo este uno de los inventos más destacados. Por lo demás también se encuentra en el latín la raíz de la palabra francesa hormigón, atribuida al bitumen. Recién a mediados del siglo 19 el hormigón experimenta su renacimiento, especialmente debido a la introducción del hormigón armado y del hormigón pretensado. La construcción con hormigón es económica, flexible y casi sin límites físicos, algo que no sería posible con materiales convencionales. | ||
| 650 | _aHORMIGÓN | ||
| 650 | _aCONSTRUCCIÓN CON HORMIGÓN | ||
| 942 |
_2ddc _cBK _n0 |
||
| 945 | _aamlo | ||
| 999 |
_c794 _d794 |
||